000 00625nam a2200217Ii 4500
003 JO-AjNU
008 230606s9999||||xx |||||||||||||| ||und||
020 _a978-0-367-86599-3
040 _aJO-AjNU
_beng
_erda
_cJO-AjNU
041 _aeng
050 1 4 _aPJ6167.A23 2019
100 3 _aAbdou, Ashraf,
_eauthor
_96196
245 0 0 _aArabic Idioms:A corpus-based study
250 _a1ed
264 3 1 _aNEW YORK:Routldge,2019
300 _a168p
336 _atext
_btxt
_2rdacontent
337 _aunmediated
_bn
_2rdamedia
338 _avolume
_bnc
_2rdacarrier
650 4 _aArabic language-idioms/Arabic language-spoken
_96197
999 _aE3215
_c3211
_d3211